00561nam a2200145Ia 4500008004100000100002900041245007100070260011900141650001300260650001500273650002400288942000700312999001700319952007900336220216s9999 xx 000 0 und d aKaziah Dato' Abdul Kadir 0aOpportunities and incentives for rubberwood industries in Malaysia bIn: Proceedings of the International Rubberwood Seminar, 21-22 May 1990, Kuala Lumpur, Malaysia, pp.153-163.c1990 aMalaysia aRubberwood aRubberwood industry cBO c48218d48218 00104077aMAINbMAINd2021-12-31l0r2021-12-31 00:00:00w2022-02-16yBO